Logo BPK

Biblioteka

Politechniki Koszalińskiej

Programy komputerowe w geologii : (Rekord nr 33766)

Szczegóły MARC
000 -ETYKIETA REKORDU
podpole kontrolne o stałej długości 00942nam a2200217 i 4500
001 - NUMER KONTROLNY REKORDU
pole kontrolne bg
040 ## - ŹRÓDŁO KATALOGOWANIA
Instytucja, która utworzyła rekord BPK
041 0# - KOD JĘZYKA
Kod języka tekstu pl
080 ## - UNIWERSALNA KLASYFIKACJA DZIESIĘTNA - UKD
UKD 55:004.42](061)
008 - POLE O STAŁEJ DŁUGOŚCI - DANE KONTROLNE
podpole kontrolne o stałej długości s pl f |000 0 pol
245 00 - TYTUŁ/ODPOWIEDZIALNOŚĆ
Tytuł Programy komputerowe w geologii :
Ciąg dalszy tytułu II Warsztaty Naukowe, Sosnowiec, 15 i 16 października 1998 : materiały konferencyjne /
Pozostałe elementy strefy tytułu i oznaczenia odpowiedzialności Państwowy Instytut Geologiczny Oddział Górnośląski, Sekcja Geologii Matematycznej i Geoinformatyki Polskiego Towarzystwa Geologicznego.
260 ## - STREFA ADRESU WYDAWNICZEGO
Miejsce wydania Sosnowiec :
Nazwa wydawcy/dystrybutora [PIG ; PTG],
Data publikacji, dystrybucji/powstania dokumentu 1998.
300 ## - STREFA OPISU FIZYCZNEGO
Objętość 90 s. :
Inne cechy fizyczne mapy, rys., wykr. ;
Rozmiary 24 cm.
504 ## - UWAGA DOTYCZĄCA BIBLIOGRAFII
Informacje o bibliografii Bibliogr. przy ref.
650 #9 - HASŁO PRZEDMIOTOWE W FORMIE NAZWY OGÓLNEJ LUB JEDNOSTKOWEJ
Nazwa ogólna lub geograficzna Programy komputerowe
Określnik ogólny stosowanie
-- geologia
650 #9 - HASŁO PRZEDMIOTOWE W FORMIE NAZWY OGÓLNEJ LUB JEDNOSTKOWEJ
Nazwa ogólna lub geograficzna Geologia
Określnik ogólny automatyzacja
655 ## - TERMIN INDEKSOWY - OKREŚLENIE RODZAJU/FORMY DOKUMENTU
Określenie rodzaju/formy dokumentu Materiały konferencyjne
710 0# - HASŁO DODATKOWE - NAZWA CIAŁA ZBIOROWEGO
Nazwa ciała zbiorowego lub jednostki geograficznej Państwowy Instytut Geologiczny
Nazwa jednostki podrzędnej Oddział Górnośląski
710 0# - HASŁO DODATKOWE - NAZWA CIAŁA ZBIOROWEGO
Nazwa ciała zbiorowego lub jednostki geograficznej Polskie Towarzystwo Geologiczne
Nazwa jednostki podrzędnej Sekcja Geologii Matematycznej i Geoinformatyki
856 ## - LOKALIZACJA I DOSTĘP DO ELEKTRONICZNYCH DOKUMENTÓW ZDALNYCH
Link (URL) http://koha.tu.koszalin.pl/cgi-bin/koha/opac-detail.pl?biblionumber=33766
Tekst linku Katalog online BPK
942 ## - DODATKOWE ELEMENTY (KOHA)
Typ dokumentu Książka
Egzemplarze
Wycofany Status egzemplarza Uszkodzony Dostępność Lokalizacja stała Lokalizacja bieżąca Miejsce przechowywania Sygnatura Kod kreskowy Dział Typ dokumentu
      Tylko na miejscu Biblioteka Politechniki Koszalińskiej Biblioteka Politechniki Koszalińskiej Czytelnia BG 45134 01369656 55 Geologia Książka
      Dostępny Biblioteka Politechniki Koszalińskiej Biblioteka Politechniki Koszalińskiej Wypożyczalnia BG 45135 01369649   Książka
© 2023 Biblioteka Politechniki Koszalińskiej :: KOHA